| 000 | 00654nam a22001937a 4500 | ||
|---|---|---|---|
| 999 |
_c165996 _d165996 |
||
| 005 | 20190709161200.0 | ||
| 010 | _aENG-125868 | ||
| 020 |
_a9789386761255 _c1495.00 |
||
| 035 | _aEN-109400 | ||
| 037 | _bDBAD/PUB | ||
| 082 | _a158.05 | ||
| 100 | _aDubey, Sujeet Kumar | ||
| 245 |
_aApplied psychology / _cby Sujeet Kumar Dubey |
||
| 260 |
_aNew Delhi _bAne Books _c2017 |
||
| 270 |
_a4821, Parwana Bhawan, 1st Floor, 24 Ansari Road, Daryaganj _bNew Delhi _e110002 _k011-23276843-44 _mkapoor@anebooks.com |
||
| 300 |
_avi,280p. _c24cm(Hb) |
||
| 500 | _aIncludes bibliographical references and index | ||
| 942 |
_2ddc _cEN _h158.05 _mDUB |
||